| 000 | 00423cam a2200145ua 4500 | ||
|---|---|---|---|
| 041 |
_aeng _h |
||
| 100 | _aElonka, Stephen Michael; . | ||
| 245 |
_aStandard boiler room question and answers / _cStephen Michael Elonka. _hTextual Documents |
||
| 260 |
_aNew Delhi : _bTata Mc-Graw Hill Publishing Company , _c1982. |
||
| 300 |
_a ; _e`. |
||
| 504 | _a | ||
| 700 | 1 | _aHiggins, Alex . | |
| 942 | _cBK | ||
| 999 |
_c13016 _d13016 |
||